Seepage Throlugh embankments and its Effective Control for the Safety of Embankments in Pakistan (Record no. 67422)

MARC details
000 -LEADER
fixed length control field 00480nam a22001337a 4500
100 ## - MAIN ENTRY--AUTHOR NAME
Personal name Abdul Khalique Keerio
-- 17MCEM02
-- Supervisor - Dr. Riaz Bhanbhro
245 ## - TITLE STATEMENT
Title Seepage Throlugh embankments and its Effective Control for the Safety of Embankments in Pakistan
260 ## - PUBLICATION, DISTRIBUTION, ETC. (IMPRINT)
Place of publication Nawanshah
Name of publisher Quest
Year of publication 2021
300 ## - PHYSICAL DESCRIPTION
Number of Pages 28p.
650 ## - SUBJECT ADDED ENTRY--TOPICAL TERM
Topical Term Construction Engineering and Management
700 ## - ADDED ENTRY--PERSONAL NAME
Personal name Department of Civil Engineering
856 ## - ELECTRONIC LOCATION AND ACCESS
Uniform Resource Identifier http://tinyurl.com/y33j78de
942 ## - ADDED ENTRY ELEMENTS (KOHA)
Koha item type Thesis and Dissertation
Holdings
Withdrawn status Lost status Home library Current library Date acquired Accession Number Koha item type
    Research Section Research Section 12/01/2022 MP/72-954 Thesis and Dissertation
    Research Section Research Section 12/01/2022 MP/72-955 Thesis and Dissertation
    Research Section Research Section 12/01/2022 MP/72-956 Thesis and Dissertation